Investing in Japanese securities : Profit and protection for the intelligent investor
Sparad:
| Huvudupphovsman: | |
|---|---|
| Materialtyp: | Bok |
| Språk: | Undetermined |
| Publicerad: |
Tokyo
Vt., C. E. Tuttle Co.
1972
|
| Ämnen: | |
| Taggar: |
Lägg till en tagg
Inga taggar, Lägg till första taggen!
|
| Thư viện lưu trữ: | Trung tâm Học liệu Trường Đại học Cần Thơ |
|---|
| LEADER | 00558nam a2200193Ia 4500 | ||
|---|---|---|---|
| 001 | CTU_78940 | ||
| 008 | 210402s9999 xx 000 0 und d | ||
| 082 | |a 332.6 | ||
| 082 | |b B471 | ||
| 100 | |a Bennett, John B. | ||
| 245 | 0 | |a Investing in Japanese securities : | |
| 245 | 0 | |b Profit and protection for the intelligent investor | |
| 245 | 0 | |c John B. Bennett | |
| 260 | |a Tokyo | ||
| 260 | |b Vt., C. E. Tuttle Co. | ||
| 260 | |c 1972 | ||
| 650 | |a Investments,Securities | ||
| 650 | |z Japan,Japan | ||
| 980 | |a Trung tâm Học liệu Trường Đại học Cần Thơ | ||